000 01908cam a22004694i 4500
003 PE-LiUPU
005 20250731172954.0
008 150623s1997 pe rb 000 0 spa d
035 _a(Sirsi) a21552
040 _aPE-LiUPU
_bspa
_cPE-LiUPU
_erda
082 0 4 _a272.2
_bA94
_221
100 1 _aAyllón Dulanto, Fernando,
_eautor.
245 1 3 _aEl tribunal de la inquisición :
_bde la leyenda a la historia /
_cFernando Ayllón.
264 1 _aLima :
_bEdiciones del Congreso del Perú,
_c1997.
300 _a686 páginas ;
_c20 centímetros
336 _atext
_2rdacontent
337 _aunmediated
_2rdamedia
338 _avolume
_2rdacarrier
500 _aPrólogo: La Inquisición, centinela de la fe / Guillermo Lohmann Villena.
504 _aIncluye bibliografía.
505 0 _aLa inquisición medieval. -La inqusición española. -Organización y funcionamiento de la inquisición española. -Historia de la inquisición española. -La inquisición hispanoamericana. -Decadencia y supresión del Santo Oficio.
526 _aSEG42
526 _aSEG41
526 _aSEG40
526 _aSEG39
526 _aP94
526 _aP87
526 _aP86
526 _aP85
526 _aP77
526 _aP76
526 _aP35
650 0 4 _aInquisición
_zAmérica Latina
_xHistoria.
650 0 4 _aInquisición
_zEspaña
_xHistoria.
650 0 4 _aInquisición
_xHistoria.
700 1 _aLohmann Villena, Guillermo,
_d1915-2005.
_92272
942 _2ddc
_cBOOK
949 _a272.2 A94
_wDEWEY
_c1
_i45145
_lCCODEBUL1
_mBUL
_p28.00
_r0
_sY
_tBOOK
_u2015-06-24
_xBIBLIOTECA
_zUNKNOWN
_0COMPRA
_o.STAFF. Colección Teología
596 _a1
999 _a272.2 A94
_wDEWEY
_c22027
_i45145
_d22027
_e2019-5-20
_f2021-11-9
_g5
_lCCODEBUL1
_mBUL
_n5
_p28.00
_q5
_r0
_sY
_tBOOK
_u2015-6-24
_xTEOLOGIA
_PP35
_0COMPRA
_o.STAFF. Colección Teología
980 _81
_gALBERTO SANCHEZ Responsable de Automatización